|
|
|
|
| LEADER |
00000nam0a2200000 4500 |
| 001 |
305990 |
| 005 |
20231102001843.0 |
| 035 |
|
|
|a (RuTPU)RU\TPU\book\331266
|
| 090 |
|
|
|a 305990
|
| 100 |
|
|
|a 20151001d1979 m y0rusy50 ca
|
| 101 |
0 |
|
|a rus
|
| 102 |
|
|
|a RU
|
| 105 |
|
|
|a a z 001zy
|
| 200 |
1 |
|
|a Переходные стекла и спаи в электровакуумной промышленности
|f Л. Ф. Юрков, В. К. Леко
|
| 210 |
|
|
|a Москва
|c Энергия
|d 1979
|
| 215 |
|
|
|a 126 с.
|c ил.
|
| 225 |
1 |
|
|a Библиотека технолога радиоэлектронной аппаратуры
|v Вып. 16
|
| 320 |
|
|
|a Библиогр.: с. 118-125
|
| 606 |
1 |
|
|a Электровакуумные приборы
|2 stltpush
|3 (RuTPU)RU\TPU\subj\19734
|9 44905
|
| 610 |
1 |
|
|a переходные стекла
|
| 610 |
1 |
|
|a переходные спаи
|
| 610 |
1 |
|
|a кварцевое стекло
|
| 610 |
1 |
|
|a состав
|
| 610 |
1 |
|
|a свойства
|
| 610 |
1 |
|
|a напряжения
|
| 610 |
1 |
|
|a перспективы
|
| 610 |
1 |
|
|a применение
|
| 675 |
|
|
|a 621.385
|v 3
|
| 700 |
|
1 |
|a Юрков
|b Л. Ф.
|g Лев Федорович
|
| 701 |
|
1 |
|a Леко
|b В. К.
|g Виктор Константинович
|
| 801 |
|
1 |
|a RU
|b 63413507
|c 20151001
|
| 801 |
|
2 |
|a RU
|b 63413507
|c 20200316
|g RCR
|
| 942 |
|
|
|c BK
|